000 00842nas a2200277 4500
001 BR0404356
003 BR-BrBNA
005 20231205104824.0
007 ta
008 230509b bl.|||p| |||| 00| 00por d
040 _aBR-BrBNA
_bpor
_cBiblioteca Nacional de Agricultura
041 _a(Pt)
072 _aL60; L40
100 1 _aMoure, J.S.
100 1 _aOliveira, F.F. de
100 1 _aViana, B.F.
245 1 _aDescrição de uma espécie nova de Centris Fabricius da Bahia, Brasil (Hymenoptera, Apoidea)
650 _aABELHA
650 _aTAXONOMIA ANIMAL
650 _aRESTINGA
650 _aMORFOLOGIA ANIMAL
650 _aBAHIA
773 0 _tRevista Brasileira de Entomologia (Brazil)
_xISSN 0085-5626
_g(Oct-Dec 2003), v. 47(4) p. 569-572
_wBR0404356
909 _a202311
_bLúcia
_c55
_dLúcia Elande
942 _2AGRIS
_n0
_cANA
999 _c179838
_d179838